000 01879nam0a2200361 4500
001 RU\NLR\BIBL_A\012233052
005 20220831153755.0
010 _a978-5-222-32059-4
_d7 000 экз.
021 _aRU
_bКН-П-20-000825
_9КН-П-20-0053
021 _aRU
_bКН-П-24-060308
_9КН-П-24-5994
021 _aRU
_bКН-П-23-069502
_9КН-П-23-7052
035 _a(NLR Aleph) 012233052
035 _a(RuMoRGB)010228563
090 _a10995971
_c10995971
100 _a20200228d2020 u y0rusy50 ca
101 0 _arus
102 _aRU
105 _ay zzzz0|||y
181 0 _ai
_baxxe
182 0 _an
200 1 _aЧитаем по-английски. 1 класс
_e[для детей младшего школьного возраста]
_fЮ. В. Чимирис
203 _aТекст
_bвизуальный
_cнепосредственный
205 _a8-е изд.
210 _aРостов-на-Дону
_cФеникс
_d2020
215 _a64 с.
_cил., табл., цв. ил.
_d22
225 2 _aСерия "English Reader"
606 _aФилологические науки. Художественная литература -- Языкознание -- Индоевропейские языки -- Германские языки -- Западногерманские языки -- Английский язык -- Преподавание и методика изучения языка -- Хрестоматии. Книги для чтения. Адаптированные издания -- Хрестоматии общего типа -- Хрестоматии для неполной средней и средней школы
_2rubbk
686 _aШ143.21-942.2
_2rubbk
700 1 _aЧимирис
_bЮ. В.
_gЮлия Вячеславовна
942 _cBOOK
980 _aNBR
980 _aNB